000 00278nam a22001097a 4500
008 160510b xxu||||| |||| 00| 0 eng d
020 _a0030299241
041 _aeng
080 _a543
245 _aAnalytical chemistry:
_cDouglas Skoog; Donald West; James Holler;
942 _2udc
_cBK
999 _c1984
_d1984